Phân tích tình hình tiêu thụ lúa tại huyện Long Mỹ tỉnh Hậu Giang : Kết quả nghiên cứu

Mục tiêu của nghiên cứu nhằm mô tả tình hình tiêu thụ lúa của csac nông hộ sản xuất lúa ở huyện Long Mỹ, Hậu Giang và tìm ra các nhân tố tác động đến tình hình tiêu thụ này, trên cơ sở đó đề xuất các biện pháp để nâng cao hiệu quả quá...

Descripción completa

Guardado en:
Detalles Bibliográficos
Autor principal: Võ, Hồng Phượng
Formato: Libro
Lenguaje:Undetermined
Publicado: Cần Thơ Trường Đại học Cần Thơ 2008
Materias:
Etiquetas: Agregar Etiqueta
Sin Etiquetas, Sea el primero en etiquetar este registro!
Thư viện lưu trữ: Trung tâm Học liệu Trường Đại học Cần Thơ
LEADER 01263nam a2200241Ia 4500
001 CTU_165241
008 210402s9999 xx 000 0 und d
082 |a 338.13 
082 |b Ph561 
088 |a 14/NPT-B2007 
100 |a Võ, Hồng Phượng 
245 0 |a Phân tích tình hình tiêu thụ lúa tại huyện Long Mỹ tỉnh Hậu Giang : 
245 0 |b Kết quả nghiên cứu 
245 0 |c Võ Hồng Phượng (chủ nhiệm đề tài) 
260 |a Cần Thơ 
260 |b Trường Đại học Cần Thơ 
260 |c 2008 
520 |a Mục tiêu của nghiên cứu nhằm mô tả tình hình tiêu thụ lúa của csac nông hộ sản xuất lúa ở huyện Long Mỹ, Hậu Giang và tìm ra các nhân tố tác động đến tình hình tiêu thụ này, trên cơ sở đó đề xuất các biện pháp để nâng cao hiệu quả quá trình tiêu thu của các nông hộ trên địa bàn huyện. 
650 |a Agricultural,Nông nghiệp 
650 |x Economic aspects,Khía cạnh kinh tế 
904 |i Thảo, Hải 
915 |a KT 
980 |a Trung tâm Học liệu Trường Đại học Cần Thơ